000 00731nam a2200229Ia 4500
005 20220824144138.0
008 210716s2003 xx 000 0 und d
020 _a8129700441
040 _cAIMIT LIBRARY
041 _aeng
082 _a574.80285
_21
_bKRAD
100 _aKrane, Dan E.
_955387
245 _aFundamental concepts of bioinformatics /
_cBy Dan E Krane and Michael L Raymer.
250 _a1
260 _aNew Delhi :
_bPearson Education ,
_c2003.
300 _axiii, 314p. ;
_c23.5 cm.
650 _aThe genetic material
_955388
650 _aProtein structure and function
_955389
650 _aMolecular biology tools
_955390
700 _aRaymer, Michael L.
_955391
942 _2ddc
_cBK
_e1st
_k574.80285 KRAD
999 _c186646
_d186646